| 000 | 00686 a2200277 4500 | ||
|---|---|---|---|
| 260 | _aRome | ||
| 440 | _n2 | ||
| 260 | _bFAO | ||
| 245 | _aFormation pour l'agriculture et le développement rural | ||
| 300 | _aX-157p. | ||
| 650 | _aDEVELOPPEMENT RURAL | ||
| 260 | _c1976 | ||
| 300 | _bill., couv. ill. en coul. | ||
| 130 | _lFr | ||
| 710 | _aFAO | ||
| 440 | _aFAO : développement économique et social | ||
| 651 | _apays en développement | ||
| 690 | _aville-campagne | ||
| 690 | _atravailleurs ruraux | ||
| 690 | _asecteur agricole | ||
| 690 | _acolonisation agraire | ||
| 690 | _aformation agricole | ||
| 020 | _a92-200164-6 | ||
| 999 |
_c21178 _d21178 |
||